000
00261nam a2200097Ia 4500
001
1159387
005
20250827011319.0
008
250824s9999 xx 000 0 und d
245
0
_a
KORKMAYIN ÇÜNKÜ BEN SİZİNLEYİM
_c
UĞUR KOŞAR
260
_b
DESTEK YAYINLARI
999
_c
1159387
_d
1159387